Statistiques concernant Les icow'nes par image

Cliquez ici pour prendre le quiz!

Statistiques générales

  • Ce quiz a été pris 7 fois
  • Le résultat moyen est 13 sur 18

Statistiques - réponses

Réponse% Correct
Cowline
100%
Ananas
83%
Arthurito
83%
Bubu
83%
Jojo
83%
Loulou
83%
Paupau
83%
Simsim
83%
STBeat
83%
Swenouille
83%
Allez-y
67%
Evache
67%
Gaga
67%
Lili
67%
Ob'1
67%
Lélait
50%
Maestlà
50%
Marionnette
50%

Distribution des résultats

Percentile par nombre de réponses

% des personnes avec chaque résultat

Votre développement - résultats

Vous n’avez pas pris ce quiz